| 000 | 01342cam a22002054a 4500 | ||
|---|---|---|---|
| 005 | 20250605164048.0 | ||
| 008 | 250528s ||||||||||||||||||||||||d | ||
| 035 | _a17196 | ||
| 020 | _a1853961426 | ||
| 040 |
_aGR-AtMCL _bgre _dGR-AtMCL _eAACR2 |
||
| 245 | 1 | _aGlobal Shift / The Internationalization of Economic Activity: Second Edition | |
| 250 | _a2nd | ||
| 260 |
_bPaul Chapman Publishing, _c1992 |
||
| 300 | _a496 | ||
| 520 | _aEconomic activities are becoming increasingly globalized - functionally integrated across national boundaries in ways which are dramatically altering the fortunes of countries and localities in the world economy. Acknowledgements, Introduction, Patterns of Global Shift, The Changing Global Map: Trends in Production and Trade, Processes of Global Shift, The Role of Technological Change, Global Organization and Reorganization of Economic Activity: Networks of Relationships, Global Shift: The Picture in Different Sectors, ''Wheels of Change'': The Automobile Industry, ''Chips and Screens'': The Electronics Industries, Stresses and Strains of Adjustment to Global Shift, Making a Living in the Global Economy: Problems of Adjusting to Global Shift, Epilogue: ''Through a Glass, Darkly'', Bibliography, Index. | ||
| 700 | 1 |
_aDicken Peter _93355 |
|
| 942 | _cBK | ||
| 999 |
_c2630 _d2630 |
||